000 01046nas a2200337 4500
001 BR2012008875
003 BR-BrBNA
005 20231205121457.0
007 ta
008 230509b bl.|||p| |||| 00| 00por d
040 _aBR-BrBNA
_bpor
_cBiblioteca Nacional de Agricultura
041 _a(Pt)
072 _aL73; L74
100 1 _aRissi, D.R.
100 1 _aFighera, R.A.
100 1 _aIrigoyen, L.F.
100 1 _aKommers, G.D.
100 1 _aBarros, C.S.L.
245 1 _aDoenças neurológicas de ovinos na região central do Rio Grande do Sul
246 1 _aNeurological diseases in sheep from central Rio Grande do Sul state, southern Brazil
650 _aOVINO
650 _aDOENÇA ANIMAL
650 _aDISTÚRBIO
650 _aSISTEMA NERVOSO
650 _aLEVANTAMENTO
650 _aDISTÚRBIO
650 _aSISTEMA NERVOSO
773 0 _tPesquisa Veterinária Brasileira (Brazil)
_xISSN 0100-736X
_g(Mar 2010), v. 30(3) p. 222-228
_wBR2012008875
909 _a202311
_bLúcia
_c55
_dLúcia Elande
942 _2AGRIS
_n0
_cANA
999 _c223758
_d223758